[Event "Tivat op"]
[Site "Tivat"]
[Date "1995.??.??"]
[Round "6"]
[White "Poluljahov, Aleksandr"]
[Black "Brajovic, Radovan"]
[Result "1-0"]
[WhiteElo "2450"]
[BlackElo "2340"]

1.d4 Nf6 2.c4 e6 3.Nf3 b6 4.Nc3 Bb4 5.Qb3 a5 6.Bg5 Bb7 7.a3 Bxc3+ 8.bxc3 a4
9.Qb2 h6 10.Bh4 d6 11.Nd2 Nbd7 12.f3 e5 13.e4 Qe7 14.Bd3 O-O 15.O-O Rfe8
16.Rfe1 Nf8 17.Nf1 Ng6 18.Bxf6 Qxf6 19.Ne3 Nf4 20.Bf1 Bc8 21.Rad1 Be6 22.Qb5 Qg5
23.Kh1 Re7 24.Qb4 Ra5 25.Rb1 h5 26.Qb2 h4 27.Qd2 Re8 28.Nd5 Bxd5 29.cxd5 f5
30.exf5 Qxf5 31.c4 Raa8 32.c5 bxc5 33.dxc5 Rf8 34.Rb7 Rf7 35.h3 Raf8 36.Re4 Nh5
37.Kg1 Ng3 38.Rxh4 e4 39.f4 e3 40.Qxe3 Nxf1  1-0

[Event "SLO-ch"]
[Site "Vrhnika"]
[Date "1995.??.??"]
[Round "?"]
[White "Soln, Primoz"]
[Black "Jeric, Simon"]
[Result "1-0"]
[WhiteElo "2280"]
[BlackElo "2405"]

1.d4 Nf6 2.c4 e6 3.Nf3 b6 4.Nc3 Bb4 5.Bg5 Bb7 6.e3 O-O 7.Bd3 d5 8.cxd5 exd5
9.Ne5 Be7 10.O-O Nbd7 11.f4 Ne4 12.Bxe7 Qxe7 13.Qc2 Ndf6 14.Rac1 c5 15.Qa4 a6
16.Bxe4 dxe4 17.Qa3 Nd5 18.Nxd5 Bxd5 19.dxc5 f6 20.Nc4 Qxc5 21.Qxc5 bxc5
22.Nb6 Rad8 23.b3 Bc6 24.Rxc5 Bb5 25.Rfc1 Rd2 26.a4 Bd3 27.Nd5 Rb2 28.Ne7+ Kf7
29.Rc7 Rxb3 30.Nf5+ Kg6 31.g4 Rg8 32.Ne7+ Kf7 33.Nxg8+ Kxg8 34.Rd7 h5 35.gxh5 Kh7
36.Rcc7 Kh6 37.Rxg7 Kxh5 38.Rg8 Kh6 39.f5  1-0

[Event "Wattens op"]
[Site "Wattens"]
[Date "1995.??.??"]
[Round "?"]
[White "Moritz, Christian"]
[Black "Bieringer, Konrad"]
[Result "1-0"]
[WhiteElo "1985"]
[BlackElo "1700"]

1.d4 Nf6 2.Nf3 e6 3.c4 b6 4.Nc3 Bb7 5.Bg5 h6 6.Bh4 g5 7.Bg3 Nh5 8.e3 Nxg3
9.hxg3 Bg7 10.Bd3 Nc6 11.g4 Qe7 12.a3 a5 13.Qc2 O-O-O 14.O-O-O Kb8 15.Be4 d6
16.Qa4 Qd7 17.Qc2 Ne7 18.Bxb7 Kxb7 19.e4 f5 20.gxf5 exf5 21.exf5 Qxf5 22.Qxf5 Nxf5
23.g4 Ne7 24.Rhe1 Nc6 25.d5 Ne5 26.Nxe5 Bxe5 27.Rd3 Rdf8 28.Ne4 Rf4 29.f3 Rhf8
30.Nd2 R4f6 31.Rh1 Bf4 32.Rh3 Re8 33.Kd1 Bxd2 34.Kxd2 c6 35.Re3 Rxe3 36.Kxe3 cxd5
37.cxd5 b5 38.b3 Kb6 39.b4 axb4 40.axb4 Kc7 41.Rh1 Kd7 42.Ra1 Rf4 43.Ra7+ Ke8
44.Rh7 Rxb4 45.Rxh6 Rb3+ 46.Ke4 Ke7 47.Re6+ Kd7 48.Rg6 Rb4+ 49.Kf5 Rf4+ 50.Kxg5 Rxf3
51.Rg7+ Kc8 52.Rh7 b4 53.Kg6 Rf1 54.g5 b3 55.Rh2 Rc1 56.Rb2 Rc3 57.Kg7 Kd7
58.g6 Ke7 59.Kg8 Kd7 60.g7 Kd8 61.Kf7 Rf3+ 62.Ke6 Rg3 63.Rxb3 Rxg7 64.Kxd6 Rg6+
65.Kc5 Kc7 66.Rh3 Rg1 67.Rh7+  1-0

[Event "Werfen op-B"]
[Site "Werfen"]
[Date "1995.??.??"]
[Round "9"]
[White "Windhofer, Johann"]
[Black "Hamberger, Josef"]
[Result "0-1"]
[WhiteElo "1735"]
[BlackElo "1845"]

1.d4 Nf6 2.c4 e6 3.Nf3 b6 4.Nc3 Bb4 5.a3 Bxc3+ 6.bxc3 O-O 7.Bg5 h6 8.Bh4 g5
9.Bg3 Ne4 10.Qc2 f5 11.e3 d6 12.Bd3 Nxg3 13.hxg3 Qf6 14.O-O-O Bb7 15.Rh2 Kg7
16.Rdh1 Rh8 17.Kd1 c5 18.Ke2 Nc6 19.Qb1 Ne7 20.Rc1 e5 21.Bc2 Ba6 22.Qb3 Qe6
23.Nd2 f4 24.gxf4 exf4 25.e4 cxd4 26.cxd4 Rac8 27.Bd3 Nc6 28.Qb2 Na5 29.d5+ Qf6
30.Qxf6+ Kxf6 31.Rhh1 Rc7 32.Rc2 h5 33.g3 fxg3 34.fxg3 h4 35.Rf1+ Ke7 36.Rh1 Bc8
37.Ke3 Kd8 38.Nf3 Rg7 39.gxh4 g4 40.Ng5 Rxg5 41.hxg5 Rxh1 42.Rf2 Rh3+ 43.Ke2 g3
44.Rf8+ Ke7 45.Rxc8 g2 46.e5 g1=Q 47.exd6+ Kxd6 48.Rd8+ Kc7  0-1

[Event "Wrexham"]
[Site "Wrexham"]
[Date "1995.??.??"]
[Round "7"]
[White "Pein, Malcolm"]
[Black "Davies, Nigel R"]
[Result "1/2-1/2"]
[WhiteElo "2435"]
[BlackElo "2505"]

1.d4 Nf6 2.c4 e6 3.Nf3 b6 4.Nc3 Bb4 5.Qb3 Qe7 6.a3 Bxc3+ 7.Qxc3 Bb7 8.g3 O-O
9.Bg2 d6 10.O-O Nbd7 11.b4 a5 12.Bb2 axb4 13.axb4 Rxa1 14.Rxa1 Ra8 15.Rxa8+ Bxa8
16.Qa3  1/2-1/2

[Event "Zalakaros op"]
[Site "Zalakaros"]
[Date "1995.??.??"]
[Round "5"]
[White "Krutti, Valer"]
[Black "Kadar, Gabor"]
[Result "0-1"]
[WhiteElo "2415"]
[BlackElo "2280"]

1.d4 Nf6 2.c4 e6 3.Nf3 b6 4.Nc3 Bb7 5.a3 d5 6.Bg5 Be7 7.Bxf6 Bxf6 8.cxd5 exd5
9.g3 O-O 10.Bg2 c5 11.O-O Nc6 12.dxc5 Bxc3 13.bxc3 bxc5 14.Ne1 Na5 15.Nd3 Qd6
16.Qa4 Nc4 17.Qb5 Qb6 18.Qxc5 Rfc8 19.Qd4 Nd2 20.Rfd1 Nb3 21.Qxb6 axb6 22.Rab1 Rxc3
23.Nf4 Rxa3 24.Bxd5 g5 25.Nh5 Bxd5 26.Rxd5 h6 27.Rd6 b5 28.Kg2 Ra1 29.Rb2 Kf8
30.Rb6 Nd4 31.Rd2 Rc4 32.Rb7 g4 33.f4 Rc2 34.Rxc2 Nxc2 35.Rxb5 Ne3+ 36.Kf2 Nd1+  0-1

[Event "Zlin"]
[Site "Zlin"]
[Date "1995.??.??"]
[Round "?"]
[White "Vokac, Marek"]
[Black "Polak, Tomas"]
[Result "1-0"]
[WhiteElo "2475"]
[BlackElo "2450"]

1.d4 Nf6 2.c4 e6 3.Nf3 b6 4.Nc3 Bb4 5.Bg5 Bb7 6.e3 h6 7.Bh4 Bxc3+ 8.bxc3 d6
9.Nd2 g5 10.Bg3 Nbd7 11.f3 Qe7 12.Bf2 e5 13.e4 c5 14.Be2 Nf8 15.dxc5 bxc5
16.Nf1 Ng6 17.Ne3 Bc8 18.g3 Qc7 19.Qd3 Be6 20.Rd1 Rd8 21.O-O Kf8 22.Rd2 h5
23.Rb1 h4 24.Rdb2 hxg3 25.hxg3 Bc8 26.Bf1 Ne8 27.Bg2 f6 28.Kf1 Ne7 29.Ke2 Ba6
30.Bg1 Qd7 31.Kf2 Nc7 32.Rd1 Kg7 33.Rbd2 Qe6 34.Bf1 Rd7 35.Qc2 Rb8 36.Qa4 Rdd8
37.Nd5 Nexd5 38.cxd5 Qd7 39.Qxd7+ Rxd7 40.Bh3 Re7 41.Rc1 Nb5 42.Bf1 Reb7
43.f4 gxf4 44.gxf4 Nc7 45.Bxa6 Rb2 46.Rxb2  1-0

[Event "Ano Liosia op"]
[Site "Ano Liosia"]
[Date "1996.??.??"]
[Round "6"]
[White "Nenashev, Alexander"]
[Black "Angelis, Mihail"]
[Result "1-0"]
[WhiteElo "2595"]
[BlackElo "2265"]

1.d4 Nf6 2.c4 e6 3.Nf3 b6 4.Nc3 Bb7 5.a3 d5 6.Bf4 Be7 7.e3 O-O 8.cxd5 Nxd5
9.Nxd5 Bxd5 10.Bd3 Nd7 11.Qc2 c5 12.Bxh7+ Kh8 13.Be4 Nf6 14.Bxd5 Qxd5 15.O-O cxd4
16.exd4 Rac8 17.Qd3 Qe4 18.Qxe4 Nxe4 19.Rfe1 Nf6 20.Rac1 Nd5 21.Bd2 Kg8 22.Kf1 Rfe8
23.h4 Bd6 24.g3 b5 25.Ke2 Nb6 26.Rxc8 Rxc8 27.Kd3 Nc4 28.Bc3 a5 29.Nd2 a4
30.Nxc4 Rxc4 31.Bd2 Rc8 32.Rc1 Rd8 33.Ba5 Rd7 34.Ke3 Kh7 35.Rc6 Be7 36.Bb4 Bf6
37.Bd6 Kg6 38.Ke4 Kh7 39.h5 Kh6 40.g4 g5 41.Rb6 Bg7 42.f3 Kh7 43.Bc5 Rd5
44.Rd6 f5+ 45.Kd3 Rxd6 46.Bxd6 Kg8 47.Kc3 Kf7 48.Bc5 fxg4 49.fxg4 e5 50.dxe5 Bxe5+
51.Kb4 Bxb2 52.Kxb5 Ke6 53.Kxa4 Kd7 54.Kb5 Bg7 55.a4 Kc7 56.a5 Kb7 57.a6+ Ka8
58.Kc6  1-0

[Event "Ano Liosia op"]
[Site "Ano Liosia"]
[Date "1996.??.??"]
[Round "8"]
[White "Nenashev, Alexander"]
[Black "Karkanaque, Ilir"]
[Result "1-0"]
[WhiteElo "2595"]
[BlackElo "2400"]

1.d4 Nf6 2.c4 e6 3.Nf3 b6 4.Nc3 Bb7 5.a3 g6 6.Bf4 Bg7 7.e3 Ne4 8.Nxe4 Bxe4
9.Bd3 Bxd3 10.Qxd3 d6 11.h4 h6 12.g4 Nd7 13.g5 hxg5 14.Bxg5 Qc8 15.O-O-O c6
16.Kb1 Qb7 17.e4 b5 18.c5 d5 19.exd5 cxd5 20.Rc1 Qc6 21.h5 gxh5 22.Rh4 a5
23.b3 Rc8 24.Re1 Nf8 25.Reh1 Ng6 26.Rxh5 Rxh5 27.Rxh5 e5 28.Rh7 e4 29.Qe3 Bf8
30.Nh4 Nxh4 31.Rxh4 Bg7 32.f3 f5 33.fxe4 dxe4 34.Bh6 Qf6 35.Qh3 Qxd4 36.Bxg7 Qxc5
37.Bb2 Rc7 38.Qg3 a4 39.Qg8+  1-0

[Event "AUT-chT2O 9697"]
[Site "Austria"]
[Date "1996.??.??"]
[Round "1"]
[White "Kummer, Helmut"]
[Black "Lehner, Oliver"]
[Result "1/2-1/2"]
[WhiteElo "2290"]
[BlackElo "2250"]

1.d4 Nf6 2.c4 e6 3.Nf3 b6 4.Nc3 Bb4 5.Qb3 c5 6.a3 Bxc3+ 7.Qxc3 Bb7 8.b4 cxd4
9.Qxd4 Nc6 10.Qh4 Ne7 11.Bb2 Ng6 12.Qd4 Qe7 13.Rc1 d6 14.Qd1 O-O 15.e3 Rac8
16.Be2 Rfd8 17.O-O e5 18.Qa4 Bc6 19.Qb3 Ne4 20.Qd1 f5 21.Qb3 Kh8 22.Rcd1 Ng5
23.Nxg5 Qxg5 24.f3 f4 25.e4 Qe7 26.Qd3 Nf8 27.Rd2 Ne6 28.Rfd1 h5 29.Qb3 Be8
30.Bf1 Kh7 31.Bc3 h4 32.h3 Bf7  1/2-1/2

[Event "AUT-chT9596"]
[Site "?"]
[Date "1996.??.??"]
[Round "?"]
[White "Lukacs, Peter"]
[Black "Atlas, Valeri"]
[Result "1/2-1/2"]
[WhiteElo "2440"]
[BlackElo "2440"]

1.d4 Nf6 2.c4 e6 3.Nf3 b6 4.Nc3 Bb7 5.a3 g6 6.Bg5 Bg7 7.Qc2 h6 8.Bh4 Bxf3
9.gxf3 O-O 10.e3 Nc6 11.Rd1 Ne7 12.f4 Nf5 13.Bxf6 Qxf6 14.Bg2 c6 15.Be4 Nh4
16.Qe2 d5 17.cxd5 exd5 18.Bb1 g5 19.f5 Rfe8 20.Qg4 Rad8 21.O-O h5 22.Qxh5 Nxf5
23.Kh1 Nh6 24.f4 g4 25.Rde1 Kf8 26.f5 c5 27.e4 dxe4 28.Nxe4 Rxe4 29.Rxe4 Rxd4
30.Rxd4 cxd4 31.Bd3 Kg8 32.Re1 Bf8 33.Kg1 Bd6 34.h3 gxh3 35.Qxh3 Kf8 36.Qg2 Bf4
37.Rf1 Qh4 38.Qa8+ Kg7 39.Qg2+ Kf6 40.Qc6+ Kg5 41.Qg2+ Ng4 42.Rf3 Qe1+ 43.Qf1 Qe5
44.Qg2 Be3+ 45.Kf1 Qc5 46.Qc2 Ne5 47.Ke2 Nxf3 48.Kxf3 Qd5+ 49.Be4 Qd6 50.Qg2+ Kf6
51.Ke2 Qf4 52.Bd3 Qh4 53.Qc6+ Kg7 54.Qg2+ Kf6 55.Qc6+ Kg7 56.Qg2+ Bg5 57.Qf2 Qg4+
58.Qf3 Qg1 59.Qf2 Qg4+ 60.Qf3 Qh4 61.Qf2 Qh5+ 62.Qf3 Qh2+ 63.Qf2 Qe5+ 64.Kd1 a5
65.Kc2 Qe3 66.Qxe3 dxe3 67.a4 Kf6 68.Kd1 Ke5 69.Ke2 Kd4 70.b3 f6 71.Bc4 Kc3
72.Be6 Kd4  1/2-1/2

[Event "Wch Seniors"]
[Site "Bad Liebenzell"]
[Date "1996.??.??"]
[Round "3"]
[White "Fronczek, Heinrich"]
[Black "Mantzouneas, Nikolaos"]
[Result "1-0"]
[WhiteElo "2275"]
[BlackElo "2040"]

1.d4 Nf6 2.Nf3 e6 3.c4 b6 4.Nc3 Bb4 5.Bd2 Bb7 6.e3 O-O 7.Bd3 d5 8.O-O Nbd7
9.cxd5 exd5 10.Rc1 c6 11.Ne5 g6 12.f4 Re8 13.Qf3 Bd6 14.Be1 c5 15.Bh4 c4
16.Bxc4 Qb8 17.Bb5 Rd8 18.Nc6 Bxc6 19.Bxc6 Re8 20.Nxd5 Qd8 21.Bxa8  1-0

[Event "Balatonbereny IM-B"]
[Site "Balatonbereny"]
[Date "1996.??.??"]
[Round "9"]
[White "Eperjesi, Laszlo"]
[Black "Petran, Pal"]
[Result "0-1"]
[WhiteElo "2395"]
[BlackElo "2440"]

1.d4 Nf6 2.Nf3 e6 3.c4 b6 4.Nc3 Bb4 5.Bd2 Bb7 6.e3 O-O 7.Be2 d6 8.O-O Nbd7
9.a3 Bxc3 10.Bxc3 Ne4 11.Rc1 f5 12.b4 Rf6 13.c5 Bd5 14.Bb2 Rh6 15.cxd6 cxd6
16.g3 Ndf6 17.Bc4 Qe8 18.Bxd5 Nxd5 19.Ne1 g5 20.Ng2 g4 21.Nf4 Nxf4 22.h4 Nh3+
23.Kg2 Qh5 24.Qb3 Nd2  0-1

[Event "Regionalliga SW9697"]
[Site "Bayern"]
[Date "1996.??.??"]
[Round "?"]
[White "Roell, Horst"]
[Black "Stubenrauch, Bruno"]
[Result "1/2-1/2"]
[WhiteElo "1910"]
[BlackElo "1980"]

1.d4 Nf6 2.c4 e6 3.Nf3 b6 4.Nc3 Bb4 5.Bg5 h6 6.Bxf6 Bxc3+ 7.bxc3 Qxf6 8.e3 O-O
9.Be2 d6 10.O-O Nc6 11.Qa4 Bb7 12.Rfd1 Rfd8 13.Ne1 Na5 14.Bf3 Bxf3 15.Nxf3 Qe7
16.Rab1 Rac8 17.Nd2 Qd7 18.Qxd7 Rxd7 19.e4 Rcd8 20.f3 c5 21.d5 e5 22.Kf2 Rf8
23.Ke3 f5 24.Kd3 g6 25.Re1 Kf7 26.Nb3 Nxb3 27.axb3 a5 28.Ra1 Ke7 29.Re2 Ra7
30.Rea2 Rfa8 31.Ra4 Kd7 32.b4 Kc7 33.bxc5 bxc5 34.Rb1 f4 35.h4 Ra6 36.Rb5 R6a7
37.Ke2 Kd7 38.Kf2 Ke7 39.g4 fxg3+ 40.Kxg3 Kf6 41.Rb6 Ra6 42.Rb5 h5 43.f4 R8a7
44.Kf3 Ra8 45.Ke3  1/2-1/2

[Event "Oberliga Bayern9697"]
[Site "Bayern"]
[Date "1996.??.??"]
[Round "?"]
[White "Pezerovic, Edin"]
[Black "Gruenberg, Hans Ulrich"]
[Result "1-0"]
[WhiteElo "2435"]
[BlackElo "2440"]

1.d4 Nf6 2.Nf3 e6 3.c4 b6 4.Nc3 Bb7 5.Bg5 Be7 6.Qc2 h6 7.Bh4 c5 8.Rd1 cxd4
9.Nxd4 Nc6 10.Ndb5 O-O 11.e4 Ne8 12.Bxe7 Qxe7 13.Be2 d6 14.O-O Rc8 15.Rd2 a6
16.Nd4 Nxd4 17.Rxd4 Rc6 18.Rfd1 Qg5 19.Qd2 Qxd2 20.R4xd2 g5 21.Na4 a5 22.b3 Kg7
23.Bf3 e5 24.Nc3 Ba6 25.h3 Rc8 26.a4 Rb8 27.Bg4 Bb7 28.f3 Bc6 29.Rd3 Rh8
30.Bh5 Kf8 31.Ne2 Ke7 32.Ng3  1-0

[Event "Beersheba"]
[Site "Beersheba"]
[Date "1996.??.??"]
[Round "3"]
[White "Mikhalevski, Alexander"]
[Black "Tunik, Gennady"]
[Result "0-1"]
[WhiteElo "2435"]
[BlackElo "2475"]

1.d4 Nf6 2.c4 e6 3.Nf3 b6 4.Nc3 Bb4 5.Qc2 Bb7 6.a3 Bxc3+ 7.Qxc3 d6 8.g3 Nbd7
9.Bg2 O-O 10.O-O Qe7 11.b3 Ne4 12.Qc2 f5 13.Ng5 Ndf6 14.Nh3 c5 15.f3 cxd4
16.fxe4 Bxe4 17.Bxe4 Nxe4 18.Nf2 Qb7 19.Nxe4 fxe4 20.Bb2 e5 21.b4 e3 22.a4 Rac8
23.Ba3 g6 24.Rac1 Kg7 25.Qb1 Qd7 26.b5 Rxf1+ 27.Rxf1 Rxc4 28.Qe4 Rc8 29.Qf3 Qe7
30.Qd5 Rd8 31.Bb4 h5 32.Kg2 Qd7 33.h3 Qe7 34.Kg1 Qd7 35.Kh2 Qe7 36.Rf3 Qd7
37.Ba3 Qe7 38.Bb4 Qd7 39.h4 Qe7 40.Ba3 Rd7 41.Rf1 Kh7 42.Kh3 Kg7 43.Rf3 Rd8
44.Rf1 Rd7 45.Kg2 Kh7 46.Rc1 Qf6 47.Rf1 Qe7 48.Bb4 Kg7 49.Kh3 Rd8 50.Kh2 Rd7
51.a5 bxa5 52.Bxa5 Kh7 53.Bb4 Kg7 54.Kh3 Kh7 55.g4 hxg4+ 56.Kxg4 Kg7 57.h5 gxh5+
58.Kh3 Qg5 59.Rf3 Qg4+ 60.Kh2 Kh7 61.Rg3 Qh4+ 62.Kg2 Qf6 63.Qf3 Qxf3+ 64.Kxf3 Rf7+
65.Ke4 Rf4+ 66.Kd3 Rf6 67.Rg1 h4 68.Ra1 Kg6 69.Rxa7 d5 70.Be1 Rf1 71.Bxh4 Rc1
72.Ra6+ Kh5 73.Rc6 Rd1+ 74.Kc2 Rd2+ 75.Kc1 d3 76.b6 Kxh4 77.b7 dxe2 78.Rh6+ Kg3
79.Rh1 Rd1+ 80.Kc2 Rxh1 81.b8=Q Rc1+ 82.Kd3 e1=N+ 83.Kxe3 Ng2+ 84.Kd2 Re1
85.Qg8+ Kf2 86.Qxd5 Rd1+  0-1

[Event "Beersheba"]
[Site "Beersheba"]
[Date "1996.??.??"]
[Round "7"]
[White "Mikhalevski, Alexander"]
[Black "Greenfeld, Alon"]
[Result "1-0"]
[WhiteElo "2435"]
[BlackElo "2560"]

1.d4 Nf6 2.c4 e6 3.Nf3 b6 4.Nc3 Bb7 5.a3 g6 6.Bg5 Bg7 7.e3 h6 8.Bh4 d6 9.d5 Qe7
10.Be2 Nbd7 11.Nd4 O-O 12.O-O a6 13.Rc1 e5 14.Nc6 Qe8 15.f4 e4 16.b4 Nb8
17.Nd4 c5 18.bxc5 bxc5 19.Nb3 Bc8 20.Na5 h5 21.Qb3 Bg4 22.h3 Bxe2 23.Nxe2 Nbd7
24.Rb1 Kh7 25.Nc3 Ng8 26.Nb7 Rb8 27.Qc2 Ndf6 28.Nxd6 Qd7 29.Ndxe4 Nxe4 30.Nxe4 Rbe8
31.Ng5+ Kh8 32.e4  1-0

[Event "Benasque op"]
[Site "Benasque"]
[Date "1996.??.??"]
[Round "4"]
[White "Ionov, Sergey"]
[Black "Psakhis, Lev"]
[Result "1/2-1/2"]
[WhiteElo "2490"]
[BlackElo "2590"]

1.d4 Nf6 2.c4 e6 3.Nf3 b6 4.Nc3 Bb4 5.Bg5 h6 6.Bh4 Bb7 7.e3 Bxc3+ 8.bxc3 Qe7
9.Nd2 g5 10.Bg3 d6 11.c5 dxc5 12.Bb5+ Bc6 13.Qf3 Bxb5 14.Qxa8 O-O 15.c4 Bc6
16.Qxa7 Na6 17.Qxa6 Ra8  1/2-1/2

[Event "Benasque op"]
[Site "Benasque"]
[Date "1996.??.??"]
[Round "6"]
[White "Roeder, Mathias"]
[Black "Lalic, Bogdan"]
[Result "1/2-1/2"]
[WhiteElo "2435"]
[BlackElo "2565"]

1.d4 Nf6 2.Nf3 e6 3.c4 b6 4.Nc3 Bb7 5.a3 d5 6.cxd5 Nxd5 7.Qc2 Be7 8.Bd2 Nd7
9.e4 Nxc3 10.Bxc3 O-O 11.Rd1 c5 12.Bb5 Qc7 13.Bxd7 Qxd7 14.dxc5 Qb5 15.cxb6 axb6
16.Nd4 Qc4 17.f3 Rfc8 18.Qe2 Bxa3 19.Qxc4 Rxc4 20.Nb3  1/2-1/2

[Event "Berliner Sommer"]
[Site "Berlin"]
[Date "1996.??.??"]
[Round "1"]
[White "Anastasian, Ashot"]
[Black "Yanik, Emine"]
[Result "1-0"]
[WhiteElo "2550"]
[BlackElo "2050"]

1.d4 Nf6 2.c4 e6 3.Nf3 b6 4.Nc3 Bb7 5.Bg5 Be7 6.Qc2 d6 7.e3 Nbd7 8.Rd1 O-O
9.Be2 Ne8 10.Bf4 f5 11.h4 Bf6 12.e4 Be7 13.exf5 exf5 14.d5 Bf6 15.Ng5 Bxc3+
16.Qxc3 Qf6 17.Qxf6 Rxf6 18.Ne6 Ne5 19.Bg5 Rxe6 20.dxe6 Bxg2 21.Rg1 Bf3 22.b3 Kf8
23.h5 a5 24.Rg3 Bxe2 25.Kxe2 a4 26.b4 h6 27.Bh4 a3 28.f4 Nc6 29.Rd5 Ne7 30.Bxe7+ Kxe7
31.Rxf5 Kxe6 32.Rf8 Ke7 33.Rh8 Kf7 34.Re3 c6 35.f5 b5 36.cxb5 cxb5 37.Kd2 d5
38.f6 gxf6 39.Rh7+ Kg8 40.Rxh6 Kg7 41.Rg6+ Kh7 42.Re7+ Kh8 43.Kd3 Rd8 44.h6 d4
45.h7 Nd6 46.Rg8+ Rxg8 47.hxg8=Q+ Kxg8 48.Re6  1-0

[Event "Berliner Sommer"]
[Site "Berlin"]
[Date "1996.??.??"]
[Round "4"]
[White "Mikhalevski, Alexander"]
[Black "Schlemmermeyer, Wilhelm"]
[Result "1-0"]
[WhiteElo "2460"]
[BlackElo "2310"]

1.d4 Nf6 2.c4 e6 3.Nf3 b6 4.Nc3 Bb7 5.a3 d5 6.Bg5 Be7 7.Qa4+ c6 8.cxd5 exd5
9.e3 O-O 10.Bd3 Nbd7 11.O-O c5 12.Ne5 Nxe5 13.dxe5 Nh5 14.Bxe7 Qxe7 15.f4 g6
16.Be2 Ng7 17.Rad1 Rad8 18.Qxa7 Nf5 19.Bf3 Nxe3 20.Nxd5 Rxd5 21.Rxd5 Ra8
22.Rd7 Qxd7 23.Qxb7 Qxb7 24.Bxb7 Rb8 25.Rf3 Nd1 26.Bd5 Nxb2 27.Rb3 Na4 28.Bc6 c4
29.Rb4 Nc5 30.Rxc4 Rd8 31.a4 Rd1+ 32.Kf2 Rb1 33.a5 Nd3+ 34.Ke2 Nb2 35.Rb4 bxa5
36.Rb8+ Kg7 37.Be4 Na4 38.Bxb1  1-0

[Event "Bern op"]
[Site "Bern"]
[Date "1996.??.??"]
[Round "8"]
[White "Bellon Lopez, Juan Manuel"]
[Black "Polak, Tomas"]
[Result "1-0"]
[WhiteElo "2505"]
[BlackElo "2440"]

1.d4 Nf6 2.Nf3 e6 3.c4 b6 4.Nc3 Bb4 5.Bg5 Bb7 6.Qc2 O-O 7.Bh4 c5 8.a3 Be4
9.Qd2 Bxc3 10.Qxc3 Nc6 11.e3 Bxf3 12.gxf3 cxd4 13.Qc2 Ne5 14.O-O-O Rc8 15.f4 Nxc4
16.Bxc4 b5 17.Rxd4 d5 18.Rg1 Rxc4 19.Rxc4 bxc4 20.f3 Kh8 21.Qc3 d4 22.exd4 Qd6
23.Qe3 Nd5 24.Qe5 Qxe5 25.fxe5 Rb8 26.Rg2 Rb3 27.Rc2 Ne3 28.Rd2 h6 29.f4 Kh7
30.Bf2 Nd5 31.Rc2 Rf3 32.Bg3 c3 33.bxc3 Nxc3 34.Kb2 Nb5 35.Rc8 Nxa3 36.f5 a5
37.fxe6 fxe6 38.Be1 Rf1 39.Bxa5 Nb1 40.Rc6 h5 41.Rxe6 h4 42.d5 Rd1 43.d6  1-0

[Event "Bled op"]
[Site "Bled"]
[Date "1996.??.??"]
[Round "4"]
[White "Soln, Primoz"]
[Black "Drei, Andrea"]
[Result "0-1"]
[WhiteElo "2340"]
[BlackElo "2325"]

1.d4 Nf6 2.c4 e6 3.Nf3 b6 4.Nc3 Bb7 5.Bg5 Bb4 6.e3 h6 7.Bh4 c5 8.Bd3 d6 9.O-O Bxc3
10.bxc3 Nbd7 11.Nd2 g5 12.Bg3 Qe7 13.f4 Rg8 14.fxg5 Rxg5 15.e4 Nh5 16.Be1 Ndf6
17.d5 Ng4 18.Bh4 Ne3 19.Bxg5 Qxg5 20.Qf3 Nxf1 21.Rxf1 O-O-O 22.Rf2 e5 23.Qf5+ Qxf5
24.Rxf5 Nf4 25.Bf1 Rf8 26.h4 Ng6 27.g3 Kd7 28.Rh5 Rh8 29.Bh3+ Ke7 30.Nf1 Kf8
31.Ne3 Ne7 32.Bd7 Kg7 33.g4 f6 34.Kf2 Rd8 35.Be6 Rh8 36.Kg3 Ba6 37.a4 Kg6
38.Bd7 Bc8 39.Bxc8 Rxc8 40.Nf5 Nxf5+ 41.Rxf5 Rh8 42.Rf1 h5 43.gxh5+ Rxh5
44.Kg4 Rh7 45.Ra1 Rg7 46.a5 bxa5 47.Rxa5 f5+ 48.Kf3 fxe4+ 49.Kxe4 Kf6 50.Ra6 Rg4+
51.Ke3 Rxc4 52.Rxd6+ Kf5 53.Kd3 Rxh4 54.Rc6 e4+ 55.Ke2 Rh2+ 56.Ke1 Kf4 57.Rxc5 Ke3
58.Kf1 Kf3 59.Kg1 Rg2+ 60.Kh1 Rd2 61.c4 Kg3  0-1

[Event "Bled op"]
[Site "Bled"]
[Date "1996.??.??"]
[Round "9"]
[White "Gostisa, Leon"]
[Black "Mikac, Matjaz"]
[Result "0-1"]
[WhiteElo "2425"]
[BlackElo "2440"]

1.d4 Nf6 2.Nf3 e6 3.c4 b6 4.Nc3 Bb4 5.Bg5 Bb7 6.e3 h6 7.Bh4 c5 8.Bd3 cxd4
9.exd4 O-O 10.O-O Be7 11.Re1 Nc6 12.Rc1 Nh5 13.Bg3 Nxg3 14.hxg3 Bf6 15.Bb1 Ne7
16.Qd3 g6 17.Ne4 Bxe4 18.Qxe4 d5 19.cxd5 Nxd5 20.Ne5 Bxe5 21.dxe5 Rc8 22.Rcd1 Qe7
23.Bc2 Qb4 24.Bb3 Qxe4 25.Rxe4 Rc5 26.f4 h5 27.Kf2 Rfc8 28.Red4 Rb5 29.Kf3 Rcc5
30.R1d2 a5 31.Bc4 Rb4 32.b3 b5 33.a3 Rbxc4 34.bxc4 bxc4 35.Rc2 c3 36.Ke4 Kf8
37.Kd3 Rb5 38.Re4 Kg7 39.Re1 Rb3 40.Ra1 Kf8 41.Raa2 a4 42.Rf2 Ke7 43.Kc2 Ne3+
44.Kc1 Nc4 45.Rf3 Nxa3 46.Ra1 Kd7  0-1

[Event "Budapest FS03 GM"]
[Site "Budapest"]
[Date "1996.??.??"]
[Round "1"]
[White "Hillarp Persson, Tiger"]
[Black "Dao Thien Hai"]
[Result "1/2-1/2"]
[WhiteElo "2410"]
[BlackElo "2560"]

1.d4 Nf6 2.c4 e6 3.Nf3 b6 4.Nc3 Bb4 5.Bg5 Bb7 6.e3 Bxc3+ 7.bxc3 d6 8.Nd2 Nbd7
9.f3 h6 10.Bh4 Qe7 11.Qa4 e5 12.e4 O-O 13.Bd3 Qe8 14.O-O Nh5 15.Rfe1 Kh8
16.Nf1 Nb8 17.Qd1 Nc6 18.Ne3 Nf4 19.Bf1 Na5 20.Qd2 Ng6 21.Bf2 Ba6 22.Nf5 f6
23.c5 Bxf1 24.Rxf1 dxc5 25.dxc5 Rd8 26.Qe2 Nf4 27.Qa6 Qg6 28.g3 Ne6 29.Rad1 Nc6
30.cxb6 axb6 31.Qc4 Qe8 32.Rd5 Na5 33.Qb4 Nc6 34.Qc4 Na5 35.Qb4  1/2-1/2

[Event "EUCup f"]
[Site "Budapest"]
[Date "1996.??.??"]
[Round "2"]
[White "Mikhalevski, Victor"]
[Black "Wells, Peter K"]
[Result "1-0"]
[WhiteElo "2500"]
[BlackElo "2475"]

1.d4 Nf6 2.c4 e6 3.Nf3 b6 4.Nc3 Bb7 5.a3 d5 6.Bg5 Be7 7.Qa4+ Qd7 8.Qxd7+ Nbxd7
9.Nb5 O-O 10.cxd5 Nxd5 11.Nxc7 Bxg5 12.Nxd5 Bxd5 13.Nxg5 Rac8 14.e3 Nf6 15.Bd3 Bxg2
16.Rg1 Bb7 17.Ke2 Rc7 18.Rac1 Rfc8 19.Rxc7 Rxc7 20.f3 g6 21.e4 Nh5 22.Ke3 Ng7
23.h4 f6 24.Nh3 Kf7 25.Nf4 e5 26.dxe5 fxe5 27.Nh3 h6 28.f4 Bc8 29.Nf2 exf4+
30.Kxf4 Rc5 31.Ke3 Bd7 32.Be2 Kf6 33.Nd3 Rc2 34.Rf1+ Ke7 35.Nf4 Rxb2 36.Nxg6+ Kd6
37.Rd1+ Ke6 38.Bc4+  1-0

[Event "Budapest FS11 GM"]
[Site "Budapest"]
[Date "1996.??.??"]
[Round "3"]
[White "Lukacs, Peter"]
[Black "Berend, Fred"]
[Result "1-0"]
[WhiteElo "2475"]
[BlackElo "2425"]

1.d4 Nf6 2.c4 e6 3.Nf3 b6 4.Nc3 Bb7 5.a3 d5 6.cxd5 Nxd5 7.Qc2 Nxc3 8.bxc3 Nd7
9.e4 c5 10.Bd3 Qc7 11.Qb1 g6 12.O-O Bg7 13.Be3 O-O 14.a4 Rac8 15.h3 cxd4
16.cxd4 Qd6 17.a5 f5 18.axb6 axb6 19.Ra7 Bc6 20.Rc1 Ra8 21.e5 Qb8 22.Rxc6 Rxa7
23.Qb3 Ra1+ 24.Kh2 Nxe5 25.dxe5 Bxe5+ 26.g3 Bg7 27.Ng5 Qb7 28.Nxe6 Kh8 29.Qc2 Rf6
30.Rc8+ Bf8 31.Rxf8+ Rxf8 32.Bd4+  1-0

[Event "Budapest FS03 GM"]
[Site "Budapest"]
[Date "1996.??.??"]
[Round "5"]
[White "Hillarp Persson, Tiger"]
[Black "Kogan, Artur"]
[Result "1-0"]
[WhiteElo "2410"]
[BlackElo "2485"]

1.d4 Nf6 2.c4 e6 3.Nf3 b6 4.Nc3 Bb7 5.g3 Bb4 6.Bg2 O-O 7.O-O Bxc3 8.bxc3 Be4
9.Re1 Nc6 10.Bf1 d5 11.Nh4 h6 12.f3 Bh7 13.cxd5 exd5 14.Bh3 Re8 15.a4 Na5
16.Bf5 Nc4 17.Bxh7+ Nxh7 18.e4 Qd7 19.e5 f6 20.f4 c5 21.Ra2 cxd4 22.cxd4 Rac8
23.Rae2 fxe5 24.dxe5 d4 25.Qd3 Qd5 26.Re4 Rcd8 27.Nf5 Qc5 28.Rxd4 Rxd4 29.Qxd4 Nf8
30.Qxc5 bxc5 31.Ne3 Na5 32.Ba3 Ne6 33.Rd1 Nc6 34.Rd5 Ncd4 35.Bxc5 Ne2+ 36.Kf1 Nc3
37.Rd3 Nxa4 38.Bxa7 Ra8 39.Rd7 Nc3 40.Re7 Nd8 41.Bb6 Nf7 42.e6 Ra1+ 43.Kg2 Ra2+
44.Kh3 Nd6 45.Bd4 Ne2 46.Rxg7+ Kf8 47.Bf6 Ng1+ 48.Kg4 Re2 49.e7+ Ke8 50.Rg8+ Kf7
51.Rf8+ Ke6 52.f5+ Kd7 53.Rd8+ Kc7 54.Rxd6 h5+ 55.Kxh5  1-0

[Event "Budapest FS04 IM"]
[Site "Budapest"]
[Date "1996.??.??"]
[Round "11"]
[White "Giretti, Kanev J"]
[Black "Murzin, Lenar"]
[Result "1/2-1/2"]
[WhiteElo "2220"]
[BlackElo "2265"]

1.Nf3 Nf6 2.d4 e6 3.c4 b6 4.Nc3 Bb4 5.Qc2 Bb7 6.a3 Bxc3+ 7.Qxc3 Ne4 8.Qc2 O-O
9.e3 d6 10.Bd3 f5 11.O-O Rf6 12.Nd2 Rh6 13.f3 Nxd2 14.Qxd2 Qh4 15.g3 Qh5
16.Qe2  1/2-1/2

[Event "Budapest FS03 GM"]
[Site "Budapest"]
[Date "1996.??.??"]
[Round "13"]
[White "Hillarp Persson, Tiger"]
[Black "Namgilov, Sogto"]
[Result "0-1"]
[WhiteElo "2410"]
[BlackElo "2425"]

1.d4 Nf6 2.c4 e6 3.Nf3 b6 4.Nc3 Bb7 5.a3 d5 6.cxd5 exd5 7.Bf4 Be7 8.Rc1 a6
9.e3 O-O 10.Bd3 c5 11.dxc5 bxc5 12.O-O Nbd7 13.Ne5 Nxe5 14.Bxe5 Bd6 15.Bxd6 Qxd6
16.Na4 Rac8 17.Bf5 Rc6 18.Qc2 Qe5 19.Nxc5 Rxc5 20.Bxh7+ Nxh7 21.Qxc5 Bc8
22.Qd4 Qg5 23.Rfd1 Nf6 24.f3 Re8 25.Qf4 Qg6 26.Kf2 Bd7 27.b4 Bb5 28.Rd4 Bc4
29.h4 Nh7 30.e4 Nf8 31.Qe3 Qf6 32.Kg1 Ng6 33.g3 Ne5 34.Kg2 Nxf3 35.Rdxc4 dxc4
36.Rf1 Nxh4+ 37.gxh4 Qxh4 38.Rf4 Qg5+  0-1

[Event "Calcutta op"]
[Site "Calcutta"]
[Date "1996.??.??"]
[Round "2"]
[White "Annageldiev, Orazly"]
[Black "Volzhin, Alexander"]
[Result "0-1"]
[WhiteElo "2485"]
[BlackElo "2485"]

1.d4 Nf6 2.Nf3 e6 3.c4 b6 4.Nc3 Bb7 5.a3 d5 6.cxd5 Nxd5 7.e3 Nxc3 8.bxc3 Be7
9.Bb5+ c6 10.Bd3 O-O 11.O-O c5 12.Bb2 Qc8 13.Qe2 Bf6 14.e4 Ba6 15.c4 Bxd4
16.Bxd4 cxd4 17.e5 Nd7 18.Bxh7+ Kxh7 19.Ng5+ Kg6 20.Qe4+ f5 21.exf6 Kxg5
22.fxg7 Rf4 23.h4+ Rxh4 24.Qxe6 Nf6 25.f4+ Kg6 26.f5+ Kg5 27.Qd6 Qc5 28.Qg3+ Rg4
29.Qd3 Kh6  0-1